[Event "Long classical games"]
[Site "SchemingMind.com"]
[Date "2012.05.20"]
[Round "-"]
[White "miriskra"]
[Black "Luki212"]
[Result "0-1"]
[WhiteCountry "WLS"]
[BlackCountry "SVK"]
[WhiteElo "1784"]
[WhiteRD "69"]
[BlackElo "2072"]
[BlackRD "71"]
[GameID "310822"]

1. d3 g6 2. e4 c5 3. Be3 d6 4. Nc3 Nc6 5. g3 Bg7 6. Bg2 Nf6 7. h3 O-O 8. Nge2 Bd7 9. O-O Rb8 10. f4 b5
11. Qd2 b4 12. Nd1 Qc8 13. Kh2 Rd8 14. g4 Ne8 15. f5 Nc7 16. c3 Qa6 17. Nf2 bxc3 18. bxc3 Qa5 19. Rab1 Nb5 20. Rfc1 Ne5
21. Bg5 Re8 22. Nd1 c4 23. d4 Nd3 24. Rc2 Na3 25. Rxb8 Rxb8 26. Rc1 Nxc1 27. Qxc1 Rb1 28. Qd2 Qc7 29. Bxe7 Ba4
0-1

[Event "Long classical games"]
[Site "SchemingMind.com"]
[Date "2012.05.21"]
[Round "-"]
[White "Luki212"]
[Black "miriskra"]
[Result "1-0"]
[WhiteCountry "SVK"]
[BlackCountry "WLS"]
[WhiteElo "2072"]
[WhiteRD "71"]
[BlackElo "1784"]
[BlackRD "69"]
[GameID "310823"]

1. d4 Nf6 2. Nf3 d5 3. c4 c6 4. e3 g6 5. Nc3 Bg7 6. Bd2 O-O 7. Qb3 Qb6 8. Qa3 Re8 9. Bd3 Nbd7 10. cxd5 Nxd5
11. Nxd5 cxd5 12. Ba5 Qf6 13. O-O b6 14. Bc3 Bb7 15. Qa4 Nf8 16. Ne5 Rec8 17. Rac1 Bc6 18. Nxc6 Qxc6 19. Bb5 Qf6 20. Ba6 Rd8
21. Rc2 Qh4 22. g3 Qh3 23. Rfc1 Ne6 24. Bf1 Qh5 25. Bb4 Bf6 26. Qa3 Kf8 27. Be2 Qh3 28. Rc6 Ng5 29. Rxf6
1-0

[Event "Long classical games"]
[Site "SchemingMind.com"]
[Date "2012.05.25"]
[Round "-"]
[White "harsh"]
[Black "miriskra"]
[Result "1-0"]
[WhiteCountry "IND"]
[BlackCountry "WLS"]
[WhiteElo "2034"]
[WhiteRD "79"]
[BlackElo "1781"]
[BlackRD "69"]
[GameID "310828"]

1. d4 Nf6 2. c4 e6 3. Nf3 Bb4+ 4. Bd2 Qe7 5. g3 O-O 6. Bg2 Bxd2+ 7. Nbxd2 d6 8. O-O Nbd7 9. b4 e5 10. d5 Ne8
11. e4 g6 12. a4 f5 13. exf5 gxf5 14. Nh4 Ndf6 15. Qc2 Ng7 16. Rae1 Bd7 17. a5 Rae8 18. Nhf3 h6 19. Qc3 c6 20. dxc6 bxc6
21. b5 cxb5 22. cxb5 Kh8 23. Rb1 Ne6 24. Qe3 Kg7 25. a6 Nc5 26. Rfd1 Nd5 27. Qa3 Nb6 28. Rdc1 f4 29. Nc4 Rb8 30. Ncxe5 fxg3
31. hxg3 Bf5 32. Nc6 Qf6 33. Nxb8 Bxb1 34. Rxb1 Rxb8 35. Rb4 Nbd7 36. Rg4+ Kh8 37. Qe3 Rxb5 38. Qe8+ Qf8 39. Qg6 Nf6 40. Rh4
1-0

[Event "Long classical games"]
[Site "SchemingMind.com"]
[Date "2012.05.25"]
[Round "-"]
[White "harsh"]
[Black "Luki212"]
[Result "1-0"]
[WhiteCountry "IND"]
[BlackCountry "SVK"]
[WhiteElo "2007"]
[WhiteRD "81"]
[BlackElo "2037"]
[BlackRD "73"]
[GameID "310829"]

1. d4 Nf6 2. c4 e6 3. Nf3 b6 4. g3 Ba6 5. Qc2 Nc6 6. Bg2 Bb4+ 7. Bd2 Bxd2+ 8. Nbxd2 O-O 9. O-O Bb7 10. a3 d6
11. e4 e5 12. d5 Ne7 13. b4 Rc8 14. c5 c6 15. cxd6 Qxd6 16. Nc4 Qb8 17. d6 Ng6 18. Rfe1 Rcd8 19. Rad1 Rfe8 20. Re2 Ba6
21. Red2 Re6 22. Ng5 Bxc4 23. Qxc4 Rexd6 24. Qxf7+ Kh8 25. Ne6
1-0

[Event "Long classical games"]
[Site "SchemingMind.com"]
[Date "2012.05.25"]
[Round "-"]
[White "miriskra"]
[Black "harsh"]
[Result "0-1"]
[WhiteCountry "WLS"]
[BlackCountry "IND"]
[WhiteElo "1773"]
[WhiteRD "66"]
[BlackElo "2007"]
[BlackRD "81"]
[GameID "310830"]

1. d4 Nf6 2. c4 e6 3. Nf3 c5 4. Nc3 cxd4 5. Nxd4 Nc6 6. g3 Bc5 7. Nb3 Bb4 8. Bd2 O-O 9. a3 Be7 10. Bg2 d6
11. O-O Ne5 12. c5 dxc5 13. Bf4 Ng6 14. Qxd8 Rxd8 15. Be3 c4 16. Nd2 Ne5 17. Rac1 Nd5 18. Bd4 Nc6 19. Nf3 Nf4 20. Be3 Nxg2
21. Kxg2 Rb8 22. a4 b6 23. Nb5 a6 24. Na3 Bxa3 25. bxa3 Na5 26. Ne5 Bb7+ 27. f3 Bd5 28. Rfd1 f6 29. Ng4 Nb3 30. Rb1 b5
31. axb5 axb5 32. Ba7 Ra8
0-1

[Event "Long classical games"]
[Site "SchemingMind.com"]
[Date "2012.05.25"]
[Round "-"]
[White "Luki212"]
[Black "harsh"]
[Result "1-0"]
[WhiteCountry "SVK"]
[BlackCountry "IND"]
[WhiteElo "2080"]
[WhiteRD "76"]
[BlackElo "2016"]
[BlackRD "81"]
[GameID "310831"]

1. d4 Nf6 2. Nf3 e6 3. c4 c5 4. Nc3 cxd4 5. Nxd4 Nc6 6. Ndb5 d5 7. Bf4 e5 8. cxd5 exf4 9. dxc6 bxc6 10. Qxd8+ Kxd8
11. O-O-O+ Ke7 12. Nd4 Bd7 13. Nb3 Ng4 14. Ne4 Be6 15. Rd4 f5 16. h3 fxe4 17. hxg4 Bd5 18. e3 fxe3 19. fxe3 g5 20. Ra4 Ke6
21. Kb1 h6 22. Be2 Rh7 23. Ra6 Rc7 24. Nd4+ Kd7 25. Nf5 Rb8 26. b3 Ke6 27. Rf1 Rb6 28. Ra4 Rcb7 29. Bc4 Rd7= 30. Kc2 Ke5
31. Rd1
1-0

[Event "Long classical games"]
[Site "SchemingMind.com"]
[Date "2012.05.28"]
[Round "-"]
[White "Uzi Mike"]
[Black "harsh"]
[Result "1-0"]
[WhiteCountry "USA"]
[BlackCountry "IND"]
[WhiteElo "2401"]
[WhiteRD "86"]
[BlackElo "2034"]
[BlackRD "79"]
[GameID "311001"]

1. d4 Nf6 2. c4 e6 3. Nc3 c5 4. d5 exd5 5. cxd5 d6 6. e4 g6 7. Nf3 Bg7 8. h3 O-O 9. Be2 b5 10. Bxb5 Nxe4
11. Nxe4 Qa5+ 12. Nfd2 Qxb5 13. Nxd6 Qd7 14. N2c4 Qe7+ 15. Be3 Bxb2 16. Nxb2 Qxd6 17. Nc4 Qa6 18. Rc1 Rd8 19. O-O Be6 20. Bh6 Bxd5
21. Ne3 Qd6 22. Qc2 Nd7 23. Rfd1 Nf6 24. Qc3
1-0

[Event "Long classical games"]
[Site "SchemingMind.com"]
[Date "2012.05.28"]
[Round "-"]
[White "Uzi Mike"]
[Black "miriskra"]
[Result "1-0"]
[WhiteCountry "USA"]
[BlackCountry "WLS"]
[WhiteElo "2337"]
[WhiteRD "83"]
[BlackElo "1784"]
[BlackRD "69"]
[GameID "311002"]

1. e4 e6 2. d4 d5 3. Nc3 Bb4 4. exd5 exd5 5. Bd3 Ne7 6. Qh5 Bxc3+ 7. bxc3 Nd7 8. Ba3 b6 9. Ne2 c5 10. O-O c4
11. Nf4 cxd3 12. Ne6 Nf6 13. Nxg7+ Kf8 14. Qe5
1-0

[Event "Long classical games"]
[Site "SchemingMind.com"]
[Date "2012.05.27"]
[Round "-"]
[White "Uzi Mike"]
[Black "Luki212"]
[Result "1-0"]
[WhiteCountry "USA"]
[BlackCountry "SVK"]
[WhiteElo "2401"]
[WhiteRD "87"]
[BlackElo "2069"]
[BlackRD "77"]
[GameID "311003"]

1. c4 Nf6 2. Nf3 e6 3. g3 Nc6 4. Bg2 d5 5. d4 dxc4 6. Qa4 Bd7 7. Qxc4 b5 8. Qxb5 Nxd4 9. Qc4 Bc6 10. Nc3 Rb8
11. Nxd4 Bxg2 12. Nc6 Bxc6= 13. Qxc6+ Qd7 14. Qxd7+ Kxd7 15. Be3 a5 16. O-O-O+ Bd6 17. f4 h5 18. Bd4 Kc6 19. Rd3 h4 20. Rhd1 Rb4
21. Kb1 Rhb8 22. R1d2 Rc4 23. Rc2 hxg3 24. hxg3 Bc5 25. Bxc5 Rxc5 26. e4 Rh8 27. b3 Rh1+ 28. Kb2 Re1 29. Rd4 Re3 30. a3 Kb7
31. e5 Ng4 32. Ne4 Rxc2+ 33. Kxc2 Nh6 34. Kd2 Nf5 35. Rc4 Rf3 36. Ke2 Re3+ 37. Kf2 Kb6 38. g4 Rxb3 39. gxf5 exf5 40. Ng5
1-0

[Event "Long classical games"]
[Site "SchemingMind.com"]
[Date "2012.05.25"]
[Round "-"]
[White "harsh"]
[Black "Uzi Mike"]
[Result "0-1"]
[WhiteCountry "IND"]
[BlackCountry "USA"]
[WhiteElo "2017"]
[WhiteRD "77"]
[BlackElo "2401"]
[BlackRD "83"]
[GameID "311004"]

1. d4 Nf6 2. c4 e6 3. Nf3 b6 4. g3 Ba6 5. Bg2 Bxc4 6. Nc3 Bb4 7. Nd2 Bd5 8. Nxd5 exd5 9. Qb3 Nc6 10. Bxd5 O-O
11. Bxc6 Bxd2+ 12. Bxd2 dxc6 13. Qc4 Re8 14. Rc1 Qd7 15. e3 c5 16. dxc5 Ne4 17. Bc3 Qc6 18. Rg1 Rad8 19. b4 bxc5 20. bxc5 Ng5
21. Kf1 Nf3 22. Rg2 Rd5 23. Bd4 Rxd4
0-1

[Event "Long classical games"]
[Site "SchemingMind.com"]
[Date "2012.05.26"]
[Round "-"]
[White "miriskra"]
[Black "Uzi Mike"]
[Result "0-1"]
[WhiteCountry "WLS"]
[BlackCountry "USA"]
[WhiteElo "1783"]
[WhiteRD "66"]
[BlackElo "2401"]
[BlackRD "83"]
[GameID "311005"]

1. d4 d5 2. Nf3 c6 3. Bf4 Nf6 4. e3 Bg4 5. Nbd2 e6 6. Bd3 Nbd7 7. O-O Be7 8. c3 c5 9. e4 cxd4 10. cxd4 dxe4
11. Nxe4 O-O 12. Ng3 Nd5 13. Be3 f5 14. h3 Bxf3 15. Qxf3 f4 16. Qe4 N7f6 17. Qxe6+ Kh8 18. Bxf4 Nxf4 19. Qb3 Qxd4 20. Bc2 Bc5
21. Rad1 Qe5 22. Rfe1 Bxf2+ 23. Kxf2 Qc5+ 24. Re3 Rae8 25. Re1 Ng4+
0-1

[Event "Long classical games"]
[Site "SchemingMind.com"]
[Date "2012.05.25"]
[Round "-"]
[White "Luki212"]
[Black "Uzi Mike"]
[Result "0-1"]
[WhiteCountry "SVK"]
[BlackCountry "USA"]
[WhiteElo "2080"]
[WhiteRD "76"]
[BlackElo "2400"]
[BlackRD "87"]
[GameID "311006"]

1. e4 Nf6 2. e5 Nd5 3. d4 d6 4. Nf3 g6 5. c4 Nb6 6. Nc3 Bg7 7. Bf4 Nc6 8. c5 dxc5 9. dxc5 Qxd1+ 10. Rxd1 Nd7
11. Nd5 O-O 12. b4 Rb8 13. Bb5 Ndxe5 14. Nxe7+ Nxe7 15. Bxe5 b6 16. Bxc7 Rb7 17. cxb6= Bc3+ 18. Ke2 Bxb4 19. Rb1 Nd5 20. Rhc1 Ba3
21. Rc6 Bd7 22. Rc4 Be6 23. Ba6 Nxc7 24. Rxc7 Rxb6 25. Rxb6 axb6 26. Bc4 Bxc4+ 27. Rxc4 Re8+ 28. Kd3 Bc5 29. Nd4 Re1 30. f4 Rd1+
31. Kc3 Rg1 32. g3 Rg2 33. a4 Rxh2 34. Kd3 h5 35. Ke4 Rd2 36. Nb3 Re2+ 37. Kd5 Bf2 38. Rc3 Be1 39. Rf3 Rg2 40. f5 g5
41. Kc6 g4 42. Rd3 Rxg3 43. Rxg3 Bxg3 44. Kxb6 h4
0-1

[Event "Long classical games"]
[Site "SchemingMind.com"]
[Date "2012.05.25"]
[Round "-"]
[White "GBEDARD"]
[Black "harsh"]
[Result "1-0"]
[WhiteCountry "USA"]
[BlackCountry "IND"]
[WhiteElo "2260"]
[WhiteRD "84"]
[BlackElo "1990"]
[BlackRD "79"]
[GameID "311054"]

1. e4 Nc6 2. Nf3 Nf6 3. e5 Ng4 4. d4 d6 5. h3 Nh6 6. Nc3 a6 7. exd6 Qxd6 8. Bd3 Bf5 9. O-O O-O-O 10. Ne4 Bxe4
11. Bxe4 Nxd4 12. Bxh6 gxh6 13. Nxd4 Qxd4 14. Qg4+ e6 15. Qf3 Qb6 16. Rad1 Bc5 17. Rxd8+ Rxd8 18. Qf6 Bd4 19. Qxf7 Bxb2 20. Qxh7 Bd4
21. Bf3 Rh8 22. Qe4 Bc3 23. Rd1 Rf8 24. Rd3 Qb1+ 25. Kh2 Qb2 26. g3 e5 27. Qc4 Bd4 28. Rb3 Rxf3 29. Qg8+ Kd7 30. Qd5+ Ke8
31. Rxf3
1-0

[Event "Long classical games"]
[Site "SchemingMind.com"]
[Date "2012.05.23"]
[Round "-"]
[White "GBEDARD"]
[Black "miriskra"]
[Result "1-0"]
[WhiteCountry "USA"]
[BlackCountry "WLS"]
[WhiteElo "2260"]
[WhiteRD "84"]
[BlackElo "1784"]
[BlackRD "69"]
[GameID "311055"]

1. e4 e6 2. d4 d5 3. Nc3 Bb4 4. e5 c5 5. a3 Bxc3+ 6. bxc3 Qc7 7. Qg4 Ne7 8. Qxg7 Rg8 9. Qxh7 cxd4 10. Ne2 Nbc6
11. f4 dxc3 12. Qd3 Bd7 13. Nxc3 a6 14. Ne2 Nf5 15. h3 Na5 16. g4 Bb5 17. Qd2 Bxe2 18. Bxe2 Ng3 19. Rh2 Ne4 20. Qe3 Nc4
21. Bxc4 Qxc4 22. Bb2 O-O-O 23. O-O-O Kb8 24. Bd4 Qa2 25. Qb3 Qxb3 26. cxb3 Rh8 27. h4 Rc8+ 28. Kb2 Rcg8 29. Rg1 Rh7 30. h5 Kc7
31. h6 Kd7 32. Rc1 Rxg4 33. Rhc2
1-0

[Event "Long classical games"]
[Site "SchemingMind.com"]
[Date "2012.05.25"]
[Round "-"]
[White "GBEDARD"]
[Black "Uzi Mike"]
[Result "0-1"]
[WhiteCountry "USA"]
[BlackCountry "USA"]
[WhiteElo "2260"]
[WhiteRD "84"]
[BlackElo "2337"]
[BlackRD "83"]
[GameID "311056"]

1. e4 c5 2. Nf3 e6 3. d4 cxd4 4. Nxd4 a6 5. Bd3 Nf6 6. O-O Qc7 7. Qe2 d6 8. c4 Nbd7 9. f4 Be7 10. Nc3 O-O
11. Kh1 b6 12. Bd2 Bb7 13. Rae1 Rfd8 14. Bb1 Rac8 15. b3 Qc5 16. Nf3 Qh5 17. Nd4 Qxe2 18. Rxe2 Rc7 19. a4 Nc5 20. b4 Ncd7
21. Bd3 Ne5 22. fxe5 dxe5 23. Nf3 Rxd3 24. Nxe5 Rd8 25. Be3 Nd7 26. Nxd7 Rdxd7 27. c5 bxc5 28. b5 Rd3 29. Rc1 axb5 30. Nxb5 Rcd7
31. Ree1 Rxe3 32. Rxe3 Bg5 33. Rec3 Bxc1 34. Rxc1 Bxe4 35. Kg1 Rd2 36. Rxc5 Rxg2+ 37. Kf1 Rc2 38. Rxc2 Bxc2 39. Nc3 Bd3+ 40. Kf2 f5
0-1

[Event "Long classical games"]
[Site "SchemingMind.com"]
[Date "2012.05.23"]
[Round "-"]
[White "GBEDARD"]
[Black "Luki212"]
[Result "1-0"]
[WhiteCountry "USA"]
[BlackCountry "SVK"]
[WhiteElo "2220"]
[WhiteRD "85"]
[BlackElo "2057"]
[BlackRD "74"]
[GameID "311057"]

1. e4 c6 2. d4 d5 3. Nc3 dxe4 4. Nxe4 Nd7 5. Bc4 Ngf6 6. Ng5 e6 7. Qe2 Nb6 8. Bb3 Nbd5 9. N1f3 h6 10. Ne4 Nxe4
11. Qxe4 Bb4+ 12. c3 Nxc3 13. Qg4 Nd5+ 14. Bd2 Bxd2+ 15. Nxd2 O-O 16. O-O Qf6 17. Rfe1 Rd8 18. Nf3 Qf4 19. Qxf4 Nxf4 20. Re4 Nd5
21. Rc1 Bd7 22. Ne5 Nf6 23. Re2 Be8 24. Nf3 Rac8 25. h3 Rc7 26. g3 Kf8 27. Kg2 Rdc8 28. Rec2 Ke7 29. Ne5 Ne4 30. Re2 Nd6
31. Rce1 Kf8 32. Rd1 Nf5 33. g4 Ne7 34. f4 c5 35. dxc5 Rxc5 36. h4 R5c7 37. Kg3 Nc6 38. Nc4 Nb4 39. Re4 Nd5 40. Red4 Ba4
41. Bxa4 Rxc4 42. Rxc4 Rxc4 43. Bb3 Rc5 44. f5 Ke7 45. Kf3 Nc7 46. fxe6 Nxe6 47. Re1 Rc6 48. Ke4 Kd7 49. Rf1 f6 50. Bd5 Rc2
51. Kf5 Rc5 52. Ke4 Rb5 53. b3 Ke7 54. Rc1= Nc5+ 55. Ke3 Nd7 56. Be4 Re5 57. Kd4 Rb5 58. Ke3 Nc5 59. Bd5 b6 60. Bc4 Ra5
61. a4 Nb7 62. Bb5 Nd6= 63. b4 Rxb5 64. axb5 Nxb5 65. Rc8 g5 66. Rh8 gxh4 67. Rxh6 a5 68. bxa5 bxa5 69. Rxh4 Nc3 70. Rh5 a4
71. Kd3 Nd1 72. Rf5 a3 73. Rf1 Nb2+ 74. Kd4 Ke6 75. Ra1 f5 76. gxf5+ Kxf5 77. Rxa3
1-0

[Event "Long classical games"]
[Site "SchemingMind.com"]
[Date "2012.05.27"]
[Round "-"]
[White "harsh"]
[Black "GBEDARD"]
[Result "0-1"]
[WhiteCountry "IND"]
[BlackCountry "USA"]
[WhiteElo "2007"]
[WhiteRD "81"]
[BlackElo "2243"]
[BlackRD "83"]
[GameID "311058"]

1. d4 Nf6 2. c4 e6 3. Nf3 c5 4. d5 exd5 5. cxd5 d6 6. Nc3 g6 7. g3 Bg7 8. Bg2 O-O 9. O-O a6 10. a4 Nbd7
11. Nd2 Re8 12. h3 Rb8 13. Nc4 Ne5 14. Na3 Nh5 15. e4 Rf8 16. Kh2 Nd7 17. f4 Bd4 18. Nc4 Nb6 19. Nxb6 Qxb6 20. Ne2 Bg7
21. g4 Nf6 22. f5 Nd7 23. a5 Qd8 24. fxg6 hxg6 25. Qc2 Qh4 26. Rb1 Ne5 27. b4 Bxg4 28. bxc5 Rbc8 29. Nf4 Rxc5 30. Qf2 Qh8
31. Qg3 Rfc8 32. Bb2 Bd7 33. Bxe5 Bxe5 34. Rxb7 Bb5 35. Rxf7 Kxf7 36. Nxg6+ Bxf1
0-1

[Event "Long classical games"]
[Site "SchemingMind.com"]
[Date "2012.05.24"]
[Round "-"]
[White "miriskra"]
[Black "GBEDARD"]
[Result "0-1"]
[WhiteCountry "WLS"]
[BlackCountry "USA"]
[WhiteElo "1815"]
[WhiteRD "63"]
[BlackElo "2298"]
[BlackRD "83"]
[GameID "311059"]

1. d4 Nf6 2. c4 e6 3. Nf3 c5 4. Nc3 d5 5. e3 Nc6 6. a3 cxd4 7. exd4 Be7 8. Bg5 O-O 9. c5 b6 10. b4 bxc5
11. dxc5 a6 12. Be2 h6 13. Bf4 d4 14. Na4 Ra7 15. O-O Bb7 16. Nb6 Nd5 17. Nxd5 Qxd5 18. Rc1 Rd8 19. Bc4 Qf5 20. Bd2 e5
21. Qb3 e4 22. Ne1 d3
0-1

[Event "Long classical games"]
[Site "SchemingMind.com"]
[Date "2012.05.27"]
[Round "-"]
[White "Uzi Mike"]
[Black "GBEDARD"]
[Result "1-0"]
[WhiteCountry "USA"]
[BlackCountry "USA"]
[WhiteElo "2322"]
[WhiteRD "82"]
[BlackElo "2272"]
[BlackRD "87"]
[GameID "311060"]

1. d4 Nf6 2. c4 e6 3. Nc3 c5 4. d5 exd5 5. cxd5 d6 6. e4 g6 7. Nf3 Bg7 8. h3 O-O 9. Be2 Re8 10. Nd2 Nbd7
11. O-O a6 12. a4 Rb8 13. a5 b5 14. axb6 Nxb6 15. Ra3 Qc7 16. Bxa6 Bxa6 17. Rxa6 Qb7 18. Ra5 Qc7 19. Rb5 Nfd7 20. Qc2 Ne5
21. b3 c4 22. Ne2 Rec8 23. Bb2 Qd7 24. Rb4 Qa7 25. bxc4 Nexc4 26. Bxg7 Nxd2 27. Qxd2 Kxg7 28. Qd4+ Kg8 29. Rfb1 Qa6 30. R1b2 Nd7
31. Ra4 Qxa4 32. Qxa4 Rxb2 33. Qxd7
1-0

[Event "Long classical games"]
[Site "SchemingMind.com"]
[Date "2012.05.24"]
[Round "-"]
[White "Luki212"]
[Black "GBEDARD"]
[Result "1/2-1/2"]
[WhiteCountry "SVK"]
[BlackCountry "USA"]
[WhiteElo "2058"]
[WhiteRD "77"]
[BlackElo "2295"]
[BlackRD "86"]
[GameID "311061"]

1. Nf3 Nf6 2. d4 e6 3. c4 c5 4. Nc3 d5 5. cxd5 Nxd5 6. e4 Nxc3 7. bxc3 cxd4 8. cxd4 Bb4+ 9. Bd2 Bxd2+ 10. Qxd2 O-O
11. Bc4 Nc6 12. O-O b6 13. Rac1 Na5 14. Bd3 Bb7 15. Rfd1 Qd6 16. Rc2 h6 17. Rdc1 Rac8 18. Rxc8=
1/2-1/2

[Event "Long classical games"]
[Site "SchemingMind.com"]
[Date "2012.05.26"]
[Round "-"]
[White "emvarela"]
[Black "harsh"]
[Result "0-1"]
[WhiteCountry "ARG"]
[BlackCountry "IND"]
[WhiteElo "1731"]
[WhiteRD "50"]
[BlackElo "2017"]
[BlackRD "77"]
[GameID "311178"]

1. e4 Nc6 2. d4 d5 3. e5 f6 4. Nf3 Bf5 5. Bb5 e6 6. O-O Qd7 7. Nc3 Be7 8. exf6 Nxf6 9. Bg5 O-O-O 10. Bxc6 Qxc6
11. Ne5 Qe8 12. Bxf6 gxf6 13. Nf3 Rg8 14. Re1 Bh3 15. g3 Bg4 16. Kg2 Qh5 17. Re3 Qh3+ 18. Kg1 Rg5 19. Nxg5 fxg5 20. f3 Bh5
21. Qe2 Bf6 22. Rd1 Bf7 23. g4 Qh6 24. Kg2 Qg7 25. Rxe6 c6 26. Re3 Bxd4 27. Re7 Bf6 28. Rxf7 Qxf7 29. Rd3 Re8 30. Re3 Rxe3
31. Qxe3 d4 32. Qf2 dxc3
0-1

[Event "Long classical games"]
[Site "SchemingMind.com"]
[Date "2012.05.27"]
[Round "-"]
[White "emvarela"]
[Black "GBEDARD"]
[Result "0-1"]
[WhiteCountry "ARG"]
[BlackCountry "USA"]
[WhiteElo "1717"]
[WhiteRD "50"]
[BlackElo "2243"]
[BlackRD "83"]
[GameID "311179"]

1. e4 d6 2. d4 Nf6 3. Nc3 g6 4. f4 Bg7 5. Nf3 O-O 6. Bd3 Nc6 7. e5 dxe5 8. dxe5 Nd5 9. Nxd5 Qxd5 10. Be3 Nb4
11. a3 Nxd3+ 12. Qxd3 Qxd3 13. cxd3 Rd8 14. O-O-O Bf5 15. d4 Be6 16. Nd2 Bd5 17. Rhg1 a5 18. g3 b5 19. Kc2 a4 20. Kc3 f5
21. g4 fxg4 22. Rxg4 Rdb8 23. Rdg1 b4+ 24. axb4 e6 25. Ra1 Bf8 26. Nc4 Bxb4+ 27. Kd3 Be7 28. Bc1 Rb3+
0-1

[Event "Long classical games"]
[Site "SchemingMind.com"]
[Date "2012.05.25"]
[Round "-"]
[White "emvarela"]
[Black "miriskra"]
[Result "0-1"]
[WhiteCountry "ARG"]
[BlackCountry "WLS"]
[WhiteElo "1746"]
[WhiteRD "46"]
[BlackElo "1784"]
[BlackRD "69"]
[GameID "311180"]

1. e4 e6 2. d4 d5 3. Nc3 Bb4 4. e5 c5 5. a3 Bxc3+ 6. bxc3 Qc7 7. Qg4 Ne7 8. Qxg7 Rg8 9. Qxh7 cxd4 10. Ne2 dxc3
11. f4 b6 12. Ng3 Ba6 13. Bxa6 Nxa6 14. Nh5 O-O-O 15. Qxf7 Rxg2 16. Qxe6+ Kb7 17. f5 Nc5 18. Qf7 Qxe5+
0-1

[Event "Long classical games"]
[Site "SchemingMind.com"]
[Date "2012.05.25"]
[Round "-"]
[White "emvarela"]
[Black "Uzi Mike"]
[Result "0-1"]
[WhiteCountry "ARG"]
[BlackCountry "USA"]
[WhiteElo "1731"]
[WhiteRD "50"]
[BlackElo "2401"]
[BlackRD "83"]
[GameID "311181"]

1. e4 c5 2. Nf3 d6 3. d4 cxd4 4. Nxd4 Nf6 5. Nc3 Nc6 6. Bg5 e6 7. Qd2 a6 8. O-O-O Bd7 9. f4 b5 10. Nxc6 Bxc6
11. Bd3 b4 12. Ne2 Qb6 13. Bxf6 gxf6 14. c3 d5 15. Nd4 bxc3 16. Qxc3 Rc8 17. Kb1 Bd7 18. Qb3 Qxd4 19. Bxa6 Qxe4+ 20. Rd3 Rd8
21. Rc1 Qxg2 22. Bb5 Bd6 23. Bxd7+ Rxd7 24. Rc8+ Rd8 25. Qb5+ Ke7 26. Rxd8 Qf1+ 27. Kc2 Rxd8
0-1

[Event "Long classical games"]
[Site "SchemingMind.com"]
[Date "2012.05.25"]
[Round "-"]
[White "emvarela"]
[Black "Luki212"]
[Result "0-1"]
[WhiteCountry "ARG"]
[BlackCountry "SVK"]
[WhiteElo "1746"]
[WhiteRD "46"]
[BlackElo "2072"]
[BlackRD "71"]
[GameID "311182"]

1. e4 c5 2. Nf3 d6 3. d4 Nf6 4. Nc3 cxd4 5. Nxd4 e6 6. Be2 Nc6 7. O-O Be7 8. Be3 O-O 9. f4 a6 10. Qd2 Bd7
11. Bf3 Nxd4 12. Bxd4 Bc6 13. e5 dxe5 14. fxe5 Nd5 15. Nxd5 Bxd5 16. Bxd5 Qxd5 17. Bc3 Bc5+ 18. Kh1 Qxd2 19. Bxd2 Rad8 20. Bf4 Rd5
21. c4 Rd3 22. Rfd1 Rfd8 23. Rxd3 Rxd3 24. b3 Bd4 25. g3 Bxa1
0-1

[Event "Long classical games"]
[Site "SchemingMind.com"]
[Date "2012.05.29"]
[Round "-"]
[White "harsh"]
[Black "emvarela"]
[Result "1-0"]
[WhiteCountry "IND"]
[BlackCountry "ARG"]
[WhiteElo "2017"]
[WhiteRD "77"]
[BlackElo "1731"]
[BlackRD "50"]
[GameID "311183"]

1. d4 Nf6 2. c4 e6 3. Nf3 c5 4. d5 exd5 5. cxd5 d6 6. Nc3 Bg4 7. e4 a6 8. a4 g6 9. h3 Bxf3 10. Qxf3 Bg7
11. Be2 O-O 12. O-O Nbd7 13. Bf4 Ne5 14. Bxe5 dxe5 15. Qe3 b6 16. a5 Nd7 17. axb6 Qxb6 18. Na4 Qd6 19. Rfc1 Rac8 20. Bxa6 Qxa6
21. Nxc5 Qb5 22. b4 Nxc5 23. bxc5 Rfd8 24. c6 Bf8 25. Ra7 Bd6 26. Rb7 Qa4 27. Qf3 Rc7 28. Qf6
1-0

[Event "Long classical games"]
[Site "SchemingMind.com"]
[Date "2012.05.29"]
[Round "-"]
[White "GBEDARD"]
[Black "emvarela"]
[Result "1-0"]
[WhiteCountry "USA"]
[BlackCountry "ARG"]
[WhiteElo "2260"]
[WhiteRD "84"]
[BlackElo "1746"]
[BlackRD "46"]
[GameID "311184"]

1. e4 e5 2. Nf3 Nc6 3. Bb5 f5 4. Nc3 Nf6 5. exf5 Nd4 6. Ba4 Nxf3+ 7. Qxf3 c6 8. O-O d5 9. Re1 e4 10. d3 Be7
11. dxe4 dxe4 12. Nxe4 O-O 13. Ng3 Nd5 14. Bb3 Bf6 15. c3 Re8 16. Bf4 Rxe1+ 17. Rxe1 Kf8 18. Qe4 Nxf4 19. Qxf4 b6 20. Rd1 Qe7
21. Qc4
1-0

[Event "Long classical games"]
[Site "SchemingMind.com"]
[Date "2012.05.25"]
[Round "-"]
[White "miriskra"]
[Black "emvarela"]
[Result "1-0"]
[WhiteCountry "WLS"]
[BlackCountry "ARG"]
[WhiteElo "1773"]
[WhiteRD "66"]
[BlackElo "1717"]
[BlackRD "50"]
[GameID "311185"]

1. d4 Nf6 2. c4 e6 3. Nf3 c5 4. Nc3 cxd4 5. Nxd4 Bb4 6. Qc2 O-O 7. a3 Bxc3+ 8. Qxc3 d5 9. g3 Nc6 10. Bg2 Nxd4
11. Qxd4 dxc4 12. Qxc4 Nd5 13. O-O Nb6 14. Qe4 Qe7 15. Be3 Nd5 16. Rac1 Bd7 17. Bc5 Qf6 18. Bxf8 Rxf8 19. b4 Bc6 20. Qc4 Nb6
21. Qc3 Qxc3 22. Rxc3 Nd5 23. Rc5 Rd8 24. Rfc1 f6 25. Rd1 Kf7 26. e4
1-0

[Event "Long classical games"]
[Site "SchemingMind.com"]
[Date "2012.05.30"]
[Round "-"]
[White "Uzi Mike"]
[Black "emvarela"]
[Result "1-0"]
[WhiteCountry "USA"]
[BlackCountry "ARG"]
[WhiteElo "2401"]
[WhiteRD "83"]
[BlackElo "1731"]
[BlackRD "50"]
[GameID "311186"]

1. e4 e5 2. Nf3 Nc6 3. Bb5 f5 4. d3 Nf6 5. exf5 Bc5 6. Be3 Bxe3 7. fxe3 a6 8. Bxc6 bxc6 9. Nxe5 Qe7 10. d4 Ne4
11. Qh5+ Kf8 12. Nd2 Nf6 13. Ng6+ Ke8 14. Qh3 hxg6 15. Qxh8+ Kf7 16. fxg6+ Kxg6 17. Qh3 d5 18. Qg3+ Kh7 19. O-O c5 20. Rae1 Ne4
21. Nxe4 dxe4 22. Rf4
1-0

[Event "Long classical games"]
[Site "SchemingMind.com"]
[Date "2012.05.29"]
[Round "-"]
[White "Luki212"]
[Black "emvarela"]
[Result "1-0"]
[WhiteCountry "SVK"]
[BlackCountry "ARG"]
[WhiteElo "2037"]
[WhiteRD "73"]
[BlackElo "1717"]
[BlackRD "50"]
[GameID "311187"]

1. e4 e5 2. Nf3 Nc6 3. Bb5 f5 4. Nc3 Nf6 5. exf5 Nd4 6. Nxd4 exd4 7. Ne2 c6 8. Bd3 d5 9. Nxd4 Qe7+ 10. Qe2 Qxe2+
11. Nxe2 Bd6 12. O-O O-O 13. Ng3 Bxg3 14. fxg3 Bd7 15. b3 Ne4 16. Bxe4 dxe4 17. g4 Rae8 18. Ba3 Rf7 19. Rae1 b6 20. Bd6 c5
21. Rf4 Bc6 22. Rf2 g6 23. fxg6 hxg6 24. Bf4 Ref8 25. Ref1 Kg7 26. Bh6+
1-0